Vývoj brzdových kvapalín

Podrobná bibliografia
Hlavní autori: Rendko, T. (Autor), Mistrík, Edmund Juraj, 1920-1983 (Autor)
Médium: Článok
Jazyk:slovenčina
Fyzický popis:Obr. 3.
Predmet:

MARC

LEADER 00000nab a2200000 a 4500
001 vtls000096007
003 SK-MaSNL
005 20260304073624.0
008 250422c1981 xo 0 slo
015 |a SNBRB19rr/mm-uuuuu 
035 |a CL0106110 
035 |a urn:nbn:sk:snk-abao67 
035 |a (urnnbn)urn:nbn:sk:snk:ar-a0a5fo 
035 |a (uuid)f048fef2-3668-440e-b011-0710a257b6e3 
040 |a SNKBUCL  |b slo  |c SNKBUCL  |e AACR2 
041 0 |a slo 
044 |a xo  |c SK 
080 |a 66.0  |2 1981 
100 1 |a Rendko, T.  |4 aut  |9 940593 
245 1 0 |a Vývoj brzdových kvapalín  |c T. Rendko, E. J. Mistrík 
300 |b Obr. 3. 
650 0 7 |a brzdové kvapaliny  |2 snkbucl  |9 240250 
650 0 7 |a glykolétery  |2 snkbucl  |9 1362458 
650 0 7 |a boritany  |2 snkbucl  |9 1362459 
655 7 |a články z novín a časopisov  |2 snkbucl  |9 267496 
700 1 |a Mistrík, Edmund Juraj,  |d 1920-1983  |4 aut  |9 192420 
773 0 |t Ropa a uhlie  |g Roč. 23, č. 9 (1981), s. 543-548 
850 |a Slovenská národná knižnica 
852 |a Slovenská národná knižnica 
958 |a article14 
958 |a OND 
958 |a RK 
958 |a EUIPO 
992 |a RBX 
999 |c 2772391  |d 2774321